[Event "NRW Class1 0809"]
[Site "Germany"]
[Date "2008.09.21"]
[Round "1.3"]
[White "Beeke, Bobby"]
[Black "Kreutzkamp, Reinhold"]
[Result "1/2-1/2"]
[WhiteElo "2201"]
[BlackElo "2312"]
[PlyCount "26"]
[EventDate "2008.09.21"]
[EventType "tourn"]
[EventRounds "9"]
[EventCountry "GER"]
[SourceTitle "EXT 2010"]
[Source "ChessBase"]
[SourceDate "2010.11.25"]
[SourceVersion "1"]
[SourceVersionDate "2010.11.25"]
[SourceQuality "1"]
[WhiteTeam "Kleve Turm"]
[BlackTeam "Koeln Porz II"]
[WhiteTeamCountry "GER"]
[BlackTeamCountry "GER"]

1. d4 d5 2. c4 c6 3. Nf3 Nf6 4. Qc2 g6 5. Bf4 Bg7 6. e3 0-0 7. Nc3 Be6 8. cxd5 Nxd5 9. Nxd5 cxd5 10. Bd3 Nc6 11. Qe2 Rc8 12. 0-0 Bg4 13. h3 Bxf3 1/2-1/2

[Event "NRW Class1 0607"]
[Site "Germany"]
[Date "2007.01.28"]
[Round "5.1"]
[White "Wehmeier, Stefan"]
[Black "Kreutzkamp, Reinhold"]
[Result "1/2-1/2"]
[WhiteElo "2394"]
[BlackElo "2309"]
[PlyCount "79"]
[EventDate "2006.09.17"]
[EventType "tourn"]
[EventRounds "9"]
[EventCountry "GER"]
[SourceTitle "EXT 2008"]
[Source "ChessBase"]
[SourceDate "2007.11.25"]
[SourceVersion "1"]
[SourceVersionDate "2007.11.25"]
[SourceQuality "1"]
[WhiteTeam "Lippstadt Turm"]
[BlackTeam "Koeln Porz III"]
[WhiteTeamCountry "GER"]
[BlackTeamCountry "GER"]

1. d4 d5 2. c4 c6 3. Nf3 Nf6 4. Nc3 g6 5. Bf4 Bg7 6. e3 0-0 7. h3 Be6 8. Ng5 Bc8 9. Be2 dxc4 10. Bxc4 Nd5 11. Nxd5 cxd5 12. Bb3 Nc6 13. 0-0 e6 14. Rc1 Bd7 15. Nf3 Qb6 16. Rc3 Rfc8 17. Qd2 Ne7 18. Rfc1 Rxc3 19. Rxc3 Rc8 20. Ne5 Be8 21. Nd3 Rxc3 22. Qxc3 Bc6 23. Bd6 Qd8 24. Be5 Bxe5 25. Nxe5 Be8 26. Bd1 Nf5 27. a4 b6 28. Be2 Nd6 29. b3 Ne4 30. Qc2 Kg7 31. g3 h5 32. h4 Nd6 33. Bd3 Qe7 34. Kg2 Qd8 35. Qc3 Qc8 36. Qxc8 Nxc8 37. Kf1 Nd6 38. Ke2 Kf6 39. Kd2 Ke7 40. Nf3 1/2-1/2

[Event "NRW Class2 0506"]
[Site "Germany"]
[Date "2005.12.04"]
[Round "4.2"]
[White "Kreutzkamp, Reinhold"]
[Black "Franke, Johannes"]
[Result "1/2-1/2"]
[WhiteElo "2308"]
[BlackElo "2332"]
[PlyCount "21"]
[EventDate "2005.09.25"]
[EventType "team-tourn"]
[EventRounds "9"]
[EventCountry "GER"]
[SourceTitle "EXT 2006"]
[Source "ChessBase"]
[SourceDate "2005.11.24"]
[SourceVersion "1"]
[SourceVersionDate "2005.11.24"]
[SourceQuality "1"]
[WhiteTeam "Koeln Porz III"]
[BlackTeam "Wattenscheid II"]
[WhiteTeamCountry "GER"]
[BlackTeamCountry "GER"]

1. e4 c6 2. d4 d5 3. e5 Bf5 4. Bd3 Bxd3 5. Qxd3 e6 6. Ne2 Ne7 7. 0-0 h5 8. Nbc3 Nf5 9. Nd1 c5 10. c3 Nc6 11. Ne3 1/2-1/2

[Event "NRW Class2 0506"]
[Site "Germany"]
[Date "2005.09.25"]
[Round "1.5"]
[White "Kreutzkamp, Reinhold"]
[Black "Wyrwich, Thomas"]
[Result "1/2-1/2"]
[WhiteElo "2308"]
[BlackElo "2264"]
[PlyCount "26"]
[EventDate "2005.09.25"]
[EventType "team-tourn"]
[EventRounds "9"]
[EventCountry "GER"]
[SourceTitle "EXT 2006"]
[Source "ChessBase"]
[SourceDate "2005.11.24"]
[SourceVersion "1"]
[SourceVersionDate "2005.11.24"]
[SourceQuality "1"]
[WhiteTeam "Koeln Porz III"]
[BlackTeam "Bochum 31 II"]
[WhiteTeamCountry "GER"]
[BlackTeamCountry "GER"]

1. e4 e6 2. d4 d5 3. e5 c5 4. c3 Bd7 5. Nf3 a6 6. Be2 cxd4 7. cxd4 Bb5 8. 0-0 Bxe2 9. Qxe2 Nc6 10. Nc3 Nge7 11. Bg5 h6 12. Bxe7 Bxe7 13. Rfc1 0-0 1/2-1/2

[Event "NRW Class1 0405"]
[Site "Germany"]
[Date "2005.04.24"]
[Round "9.1"]
[White "Hillenbrand, Michael"]
[Black "Kreutzkamp, Reinhold"]
[Result "1/2-1/2"]
[WhiteElo "2189"]
[BlackElo "2309"]
[PlyCount "129"]
[EventDate "2004.10.10"]
[EventType "team-tourn"]
[EventRounds "9"]
[EventCountry "GER"]
[SourceTitle "EXT 2006"]
[Source "ChessBase"]
[SourceDate "2005.11.24"]
[SourceVersion "1"]
[SourceVersionDate "2005.11.24"]
[SourceQuality "1"]
[WhiteTeam "Essen Borbeck"]
[BlackTeam "Koeln Porz III"]
[WhiteTeamCountry "GER"]
[BlackTeamCountry "GER"]

1. c4 c6 2. Nf3 d5 3. b3 Nf6 4. Bb2 Bg4 5. e3 e6 6. Be2 Nbd7 7. 0-0 Bd6 8. Nc3 a6 9. d3 0-0 10. h3 Bh5 11. e4 dxe4 12. Nxe4 Nxe4 13. dxe4 Qe7 14. Qd2 Rfd8 15. Rad1 Nc5 16. Qe3 e5 17. b4 Na4 18. c5 Nxb2 19. Rxd6 Rxd6 20. cxd6 Qxd6 21. g4 Bg6 22. Qb3 Bxe4 23. Qxb2 Re8 24. a3 h5 25. Ng5 Bd5 26. Qd2 hxg4 27. hxg4 Qh6 28. f3 Qh4 29. Rf2 e4 30. fxe4 Bxe4 31. Nxe4 Rxe4 32. Bf3 Qg3+ 33. Kf1 Re8 34. Qd7 Rf8 35. Qd3 Qh3+ 36. Kg1 Re8 37. Qd2 Qg3+ 38. Kf1 Qh3+ 39. Kg1 Qg3+ 40. Bg2 Qxg4 41. Qf4 Qxf4 42. Rxf4 g6 43. Rd4 Re7 44. Kf2 f5 45. Bf1 Kg7 46. Rd6 Kh6 47. Bd3 Kg5 48. Kf3 Re1 49. Bc4 Ra1 50. Rd3 Kf6 51. Re3 b5 52. Be6 g5 53. Bc8 g4+ 54. Kf4 Rf1+ 55. Kg3 f4+ 56. Kg2 Ra1 57. Rc3 Kg5 58. Rxc6 Ra2+ 59. Kf1 Rxa3 60. Rxa6 Rb3 61. Ra5 Rb1+ 62. Kg2 Rxb4 63. Bd7 Rb2+ 64. Kf1 Rb1+ 65. Kg2 1/2-1/2

[Event "NRW Class1 0405"]
[Site "Germany"]
[Date "2004.10.31"]
[Round "2.3"]
[White "Kotarski, Mariusz"]
[Black "Kreutzkamp, Reinhold"]
[Result "1/2-1/2"]
[WhiteElo "2111"]
[BlackElo "2309"]
[PlyCount "63"]
[EventDate "2004.10.10"]
[EventType "team-tourn"]
[EventRounds "9"]
[EventCountry "GER"]
[SourceTitle "EXT 2006"]
[Source "ChessBase"]
[SourceDate "2005.11.24"]
[SourceVersion "1"]
[SourceVersionDate "2005.11.24"]
[SourceQuality "1"]
[WhiteTeam "Gerresheim II"]
[BlackTeam "Koeln Porz III"]
[WhiteTeamCountry "GER"]
[BlackTeamCountry "GER"]

1. d4 d5 2. c4 c6 3. Nc3 Nf6 4. cxd5 cxd5 5. Nf3 Nc6 6. g3 Bf5 7. Bg2 e6 8. 0-0 Be7 9. Bg5 0-0 10. Rc1 Rc8 11. Qa4 a6 12. h3 Na5 13. b4 Nc4 14. Qb3 Ne4 15. Nxe4 Bxe4 16. Bxe7 Qxe7 17. Rfe1 Bxf3 18. Bxf3 f5 19. Rc2 Rc7 20. Rec1 Qf6 21. Rxc4 dxc4 22. Rxc4 Rxc4 23. Qxc4 Qe7 24. b5 axb5 25. Qxb5 Rd8 26. e3 Rd7 27. a4 g6 28. a5 Kg7 29. Qe5+ Qf6 30. Qb8 Qe7 31. Qe5+ Qf6 32. Qb8 1/2-1/2

[Event "NRW Class1 0405"]
[Site "Germany"]
[Date "2004.10.10"]
[Round "1.3"]
[White "Kreutzkamp, Reinhold"]
[Black "Rehberg, Raphael"]
[Result "1/2-1/2"]
[WhiteElo "2309"]
[BlackElo "2164"]
[PlyCount "89"]
[EventDate "2004.10.10"]
[EventType "team-tourn"]
[EventRounds "9"]
[EventCountry "GER"]
[SourceTitle "EXT 2006"]
[Source "ChessBase"]
[SourceDate "2005.11.24"]
[SourceVersion "1"]
[SourceVersionDate "2005.11.24"]
[SourceQuality "1"]
[WhiteTeam "Koeln Porz III"]
[BlackTeam "Lippstadt Turm"]
[WhiteTeamCountry "GER"]
[BlackTeamCountry "GER"]

1. e4 c5 2. c3 Nf6 3. e5 Nd5 4. Nf3 e6 5. g3 d6 6. exd6 Bxd6 7. Bg2 0-0 8. 0-0 Nc6 9. d4 cxd4 10. Nxd4 Nxd4 11. Qxd4 Ne7 12. Rd1 Nf5 13. Qd3 Qc7 14. Nd2 Rd8 15. Nf3 Bd7 16. Bg5 Be7 17. Bxe7 Nxe7 18. Ng5 Ng6 19. Qe2 Bc6 20. Qh5 Nf8 21. h4 Bxg2 22. Kxg2 h6 23. Nf3 Nd7 24. Qb5 Nf6 25. Qe2 Rxd1 26. Rxd1 Rd8 27. Rxd8+ Qxd8 28. c4 Qd6 29. Ne5 Nd7 30. Nxd7 Qxd7 31. Qe4 g6 32. b3 Kg7 33. c5 h5 34. b4 a6 35. a3 Kf8 36. Qc4 Qc6+ 37. f3 Qd7 38. Qc3 Qd1 39. Kf2 Qd7 40. Ke2 Ke7 41. Qd3 Qc7 42. f4 Qc6 43. Kf2 Ke8 44. Ke3 Qg2 45. Kd4 1/2-1/2

[Event "NRW Class2 0304"]
[Site "Germany"]
[Date "2004.04.25"]
[Round "9.3"]
[White "Kreutzkamp, Reinhold"]
[Black "Kober, Henning"]
[Result "1/2-1/2"]
[WhiteElo "2300"]
[BlackElo "2150"]
[PlyCount "29"]
[EventDate "2003.09.28"]
[EventType "team-tourn"]
[EventRounds "9"]
[EventCountry "GER"]
[SourceTitle "CBM 098 Extra"]
[Source "ChessBase"]
[SourceDate "2004.03.10"]
[SourceVersion "2"]
[SourceVersionDate "2004.03.10"]
[SourceQuality "1"]
[WhiteTeam "Koeln Porz III"]
[BlackTeam "Gerresheim"]
[WhiteTeamCountry "GER"]
[BlackTeamCountry "GER"]

1. e4 c6 2. d4 d5 3. e5 c5 4. dxc5 Nc6 5. Bf4 e6 6. Nf3 Bxc5 7. Bd3 Nge7 8. 0-0 h6 9. a3 Nf5 10. Bxf5 exf5 11. h4 Be6 12. Nc3 Be7 13. h5 g5 14. hxg6 fxg6 15. Nb5 1/2-1/2

[Event "Oberliga NRW 0102 II"]
[Site "Germany"]
[Date "2002.05.05"]
[Round "9.3"]
[White "Kreutzkamp, Reinhold"]
[Black "Schiffer, Kai Uwe"]
[Result "1/2-1/2"]
[WhiteElo "2291"]
[BlackElo "2314"]
[PlyCount "46"]
[EventDate "2001.10.??"]
[EventType "team-tourn"]
[EventRounds "9"]
[EventCountry "GER"]
[SourceTitle "EXT 2004"]
[Source "ChessBase"]
[SourceDate "2003.11.25"]
[SourceVersion "1"]
[SourceVersionDate "2003.11.25"]
[SourceQuality "1"]
[WhiteTeam "Koeln Porz III"]
[BlackTeam "Duisburg/Hochheide"]
[WhiteTeamCountry "GER"]
[BlackTeamCountry "GER"]

1. e4 e6 2. d4 d5 3. Nc3 Nf6 4. Bg5 Bb4 5. exd5 Qxd5 6. Bxf6 Bxc3+ 7. bxc3 gxf6 8. Nf3 b6 9. Be2 Bb7 10. 0-0 Rg8 11. Qd3 Nd7 12. c4 Qe4 13. Qxe4 Bxe4 14. c3 c5 15. g3 0-0-0 16. Nd2 Bb7 17. Rfd1 f5 18. Bf3 Nf6 19. Bxb7+ Kxb7 20. Nb3 Kc6 21. Rd3 Rd7 22. Rad1 Rgd8 23. f3 Kc7 1/2-1/2

[Event "Oberliga NRW 0102 II"]
[Site "Germany"]
[Date "2002.02.17"]
[Round "6.4"]
[White "Kreutzkamp, Reinhold"]
[Black "Kujovic, Michal"]
[Result "1/2-1/2"]
[WhiteElo "2291"]
[BlackElo "2335"]
[PlyCount "25"]
[EventDate "2001.10.??"]
[EventType "team-tourn"]
[EventRounds "9"]
[EventCountry "GER"]
[SourceTitle "EXT 2004"]
[Source "ChessBase"]
[SourceDate "2003.11.25"]
[SourceVersion "1"]
[SourceVersionDate "2003.11.25"]
[SourceQuality "1"]
[WhiteTeam "Koeln Porz III"]
[BlackTeam "Lippstadt Turm"]
[WhiteTeamCountry "GER"]
[BlackTeamCountry "GER"]

1. e4 d6 2. d4 Nf6 3. Nc3 g6 4. g3 Bg7 5. Bg2 0-0 6. Nge2 e5 7. 0-0 Nc6 8. dxe5 dxe5 9. Bg5 Qxd1 10. Raxd1 Nb4 11. Rd2 c6 12. h3 Re8 13. Rfd1 1/2-1/2

[Event "Oberliga NRW 9899 II"]
[Site "Germany"]
[Date "1999.03.16"]
[Round "7.1"]
[White "Adamski, Jan"]
[Black "Kreutzkamp, Reinhold"]
[Result "1/2-1/2"]
[WhiteElo "2345"]
[BlackElo "2265"]
[PlyCount "67"]
[EventDate "1998.10.10"]
[EventType "team-tourn"]
[EventRounds "9"]
[EventCountry "GER"]
[SourceTitle "EXT 2000"]
[Source "ChessBase"]
[SourceDate "1999.11.16"]
[SourceVersion "1"]
[SourceVersionDate "1999.11.16"]
[SourceQuality "1"]
[WhiteTeam "Letmathe"]
[BlackTeam "Koeln Porz III"]
[WhiteTeamCountry "GER"]
[BlackTeamCountry "GER"]

1. Nf3 d5 2. g3 c6 3. Bg2 Nf6 4. 0-0 Bg4 5. c4 e6 6. b3 Nbd7 7. Bb2 Be7 8. d3 0-0 9. Na3 a5 10. Nc2 Qb6 11. Rb1 Rfc8 12. Qd2 Qd8 13. Rfc1 Bh5 14. a3 Ne8 15. Ne3 Bf6 16. b4 axb4 17. axb4 Bxf3 18. Bxf6 Ndxf6 19. Bxf3 Nd6 20. Qb2 h6 21. Ra1 Rxa1 22. Rxa1 Ra8 23. Ra3 Nd7 24. Bg2 Qb8 25. Bh3 Rxa3 26. Qxa3 dxc4 27. dxc4 Qc8 28. f4 c5 29. b5 Nb6 30. Qd3 Qc7 31. Bg2 Nd7 32. Bf3 Nf6 33. Kg2 Qe7 34. Kg1 1/2-1/2

[Event "BL2-West 9899"]
[Site "Germany"]
[Date "1999.01.31"]
[Round "5.8"]
[White "Kreutzkamp, Reinhold"]
[Black "Stolte, Alexander"]
[Result "1/2-1/2"]
[WhiteElo "2285"]
[BlackElo "2237"]
[PlyCount "35"]
[EventDate "1998.10.??"]
[EventType "team-tourn"]
[EventRounds "9"]
[EventCountry "GER"]
[SourceTitle "GER-chT2"]
[Source "ChessBase"]
[SourceDate "1999.07.01"]
[SourceVersion "1"]
[SourceVersionDate "1999.07.01"]
[SourceQuality "1"]
[WhiteTeam "Koeln Porz II"]
[BlackTeam "Muenster"]
[WhiteTeamCountry "GER"]
[BlackTeamCountry "GER"]

1. e4 e6 2. d4 d5 3. Nc3 Bb4 4. exd5 exd5 5. Bd3 Nc6 6. a3 Be7 7. Nce2 Bg4 8. c3 Qd7 9. Qc2 g6 10. Bf4 Bf6 11. h3 Be6 12. Nf3 Nge7 13. Ng3 h5 14. 0-0-0 0-0-0 15. Rhe1 Rdg8 16. Ng5 Nd8 17. Nf3 Ndc6 18. Ng5 1/2-1/2

[Event "Oberliga NRW 9899 II"]
[Site "Germany"]
[Date "1999.??.??"]
[Round "6.1"]
[White "Kreutzkamp, Reinhold"]
[Black "Feygin, Michael"]
[Result "1/2-1/2"]
[WhiteElo "2265"]
[BlackElo "2413"]
[PlyCount "116"]
[EventDate "1998.10.10"]
[EventType "team-tourn"]
[EventRounds "9"]
[EventCountry "GER"]
[SourceTitle "EXT 2000"]
[Source "ChessBase"]
[SourceDate "1999.11.16"]
[SourceVersion "1"]
[SourceVersionDate "1999.11.16"]
[SourceQuality "1"]
[WhiteTeam "Koeln Porz III"]
[BlackTeam "Neu Herne"]
[WhiteTeamCountry "GER"]
[BlackTeamCountry "GER"]

1. e4 e6 2. d4 d5 3. Nc3 Bb4 4. exd5 exd5 5. Bd3 Nc6 6. a3 Ba5 7. Be3 Nf6 8. Nge2 Bg4 9. f3 Bh5 10. 0-0 Bg6 11. Bf2 Qd7 12. Nf4 0-0 13. Re1 Rae8 14. Qd2 Bb6 15. Bb5 a6 16. Bf1 Qd6 17. Nxg6 hxg6 18. Na4 Ba7 19. Nc5 Nd8 20. Rxe8 Rxe8 21. Re1 Rxe1 22. Qxe1 Bxc5 23. dxc5 Qd7 24. Qb4 c6 25. Qf4 Ne6 26. Qd2 Qd8 27. b4 Kf8 28. c3 Ne8 29. Bg3 Qf6 30. Qe3 N8c7 31. Be5 Qd8 32. Bd6+ Kg8 33. a4 Ne8 34. Be5 Nf6 35. a5 Kf8 36. Bd6+ Kg8 37. Be5 Nd7 38. Bg3 Qf6 39. Bf2 Kf8 40. Be2 Ne5 41. Bg3 Nd7 42. Bf2 Ke8 43. Bf1 Kd8 44. Qd2 Kc8 45. Qe3 Qf5 46. Bd3 Qf6 47. Bf1 g5 48. Qd2 Kd8 49. Qe3 Ne5 50. Bg3 Ng6 51. Bf2 Ngf4 52. Qd2 Kc8 53. Be3 Ng6 54. Bf2 Ngf4 55. Be3 Kc7 56. Bf2 Ng6 57. Be3 Kc8 58. Bf2 Ngf4 1/2-1/2

[Event "Oberliga NRW 9899 II"]
[Site "Germany"]
[Date "1998.??.??"]
[Round "2.2"]
[White "Kreutzkamp, Reinhold"]
[Black "Bayer, Ernst Wolfgang"]
[Result "1/2-1/2"]
[WhiteElo "2265"]
[BlackElo "2285"]
[PlyCount "29"]
[EventDate "1998.10.10"]
[EventType "team-tourn"]
[EventRounds "9"]
[EventCountry "GER"]
[SourceTitle "EXT 2000"]
[Source "ChessBase"]
[SourceDate "1999.11.16"]
[SourceVersion "1"]
[SourceVersionDate "1999.11.16"]
[SourceQuality "1"]
[WhiteTeam "Koeln Porz III"]
[BlackTeam "Koeln KKS"]
[WhiteTeamCountry "GER"]
[BlackTeamCountry "GER"]

1. e4 c5 2. c3 d5 3. exd5 Qxd5 4. d4 Nf6 5. Nf3 e6 6. Bd3 Nc6 7. 0-0 Be7 8. dxc5 Bxc5 9. Bg5 Ng4 10. Qe2 Nge5 11. Nxe5 Qxe5 12. Bh4 g5 13. Qxe5 Nxe5 14. Bb5+ Bd7 15. Bxd7+ 1/2-1/2

[Event "Oberliga NRW 9798 II"]
[Site "Germany"]
[Date "1998.??.??"]
[Round "7.1"]
[White "Kreutzkamp, Reinhold"]
[Black "Mainka, Gregor"]
[Result "1-0"]
[WhiteElo "2265"]
[BlackElo "2375"]
[PlyCount "121"]
[EventDate "1997.10.??"]
[EventType "team-tourn"]
[EventRounds "9"]
[EventCountry "GER"]
[SourceTitle "EXT 1999"]
[Source "ChessBase"]
[SourceDate "1998.11.16"]
[SourceVersion "1"]
[SourceVersionDate "1998.11.16"]
[SourceQuality "1"]
[WhiteTeam "Koeln Porz III"]
[BlackTeam "Neu Herne"]
[WhiteTeamCountry "GER"]
[BlackTeamCountry "GER"]

1. e4 e6 2. d4 d5 3. e5 c5 4. c3 Nc6 5. Nf3 Nge7 6. Be2 cxd4 7. cxd4 Nf5 8. Nc3 Bd7 9. 0-0 Rc8 10. a3 a6 11. Be3 Be7 12. Bd3 Nxe3 13. fxe3 0-0 14. Rc1 Na5 15. Ne2 Rxc1 16. Qxc1 b5 17. a4 bxa4 18. Bxa6 Qb6 19. Bd3 g6 20. Nc3 Rc8 21. Nxa4 Qb4 22. Nc3 Nc4 23. Bxc4 Qxc4 24. Qd2 Qb3 25. Ne1 Bb5 26. Nxb5 Qxb5 27. Nd3 Rc7 28. Rc1 Qxd3 29. Qxd3 Rxc1+ 30. Kf2 h5 31. Qd2 Rc4 32. b3 Rc7 33. g3 Kf8 34. h3 Kg8 35. Kf3 Kg7 36. Ke2 Kg8 37. Kd3 Kg7 38. Qa5 Bd8 39. Qa8 Be7 40. Qb8 Rc1 41. b4 Bxb4 42. Qxb4 Rg1 43. Qe7 Rxg3 44. Qf6+ Kg8 45. h4 Rg2 46. Kc3 Rg1 47. Kb4 Rc1 48. Kb5 Rc4 49. Ka5 Rc6 50. Qd8+ Kg7 51. Qe7 Rc4 52. Qf6+ Kg8 53. Kb5 Rc2 54. e4 dxe4 55. d5 exd5 56. e6 fxe6 57. Qxg6+ Kf8 58. Qf6+ Kg8 59. Qxe6+ Kg7 60. Qe5+ Kf8 61. Qxd5 1-0

[Event "Oberliga NRW 9697 II"]
[Site "Germany"]
[Date "1997.??.??"]
[Round "6.2"]
[White "Becker, Marcel"]
[Black "Kreutzkamp, Reinhold"]
[Result "1/2-1/2"]
[WhiteElo "2160"]
[BlackElo "2265"]
[PlyCount "50"]
[EventDate "1996.10.??"]
[EventType "team-tourn"]
[EventRounds "9"]
[EventCountry "GER"]
[SourceTitle "EXT 1998"]
[Source "ChessBase"]
[SourceDate "1997.11.17"]
[SourceVersion "1"]
[SourceVersionDate "1997.11.17"]
[SourceQuality "1"]
[WhiteTeam "Hochheide"]
[BlackTeam "Koeln Porz"]
[WhiteTeamCountry "GER"]
[BlackTeamCountry "GER"]

1. d4 d5 2. c4 c6 3. cxd5 cxd5 4. Bf4 Nc6 5. Nc3 Nf6 6. e3 e6 7. Bd3 Be7 8. h3 0-0 9. Nf3 Bd7 10. 0-0 Qb6 11. a3 Rfc8 12. Na4 Qd8 13. b4 Be8 14. Nc5 Qb6 15. Rc1 a5 16. b5 Na7 17. Na4 Qd8 18. Qb3 b6 19. Nc3 Bd6 20. Bxd6 Qxd6 21. Ne2 Nd7 22. Rxc8 Rxc8 23. Rc1 Rxc1+ 24. Nxc1 Qc7 25. Ne2 Nc8 1/2-1/2

[Event "Oberliga NRW 9798 II"]
[Site "Germany"]
[Date "1997.??.??"]
[Round "4.1"]
[White "Bokelbrink, Uwe"]
[Black "Kreutzkamp, Reinhold"]
[Result "1/2-1/2"]
[WhiteElo "2250"]
[BlackElo "2265"]
[PlyCount "82"]
[EventDate "1997.10.??"]
[EventType "team-tourn"]
[EventRounds "9"]
[EventCountry "GER"]
[SourceTitle "EXT 1999"]
[Source "ChessBase"]
[SourceDate "1998.11.16"]
[SourceVersion "1"]
[SourceVersionDate "1998.11.16"]
[SourceQuality "1"]
[WhiteTeam "Herford"]
[BlackTeam "Koeln Porz III"]
[WhiteTeamCountry "GER"]
[BlackTeamCountry "GER"]

1. e4 c6 2. d4 d5 3. e5 Bf5 4. Nf3 e6 5. Be2 Ne7 6. 0-0 Nd7 7. Nh4 Bg6 8. Nd2 Nf5 9. Nxg6 hxg6 10. Nf3 Be7 11. c3 Qb6 12. a4 a5 13. Rb1 Qa7 14. g3 0-0 15. h4 c5 16. Bb5 Nb8 17. Kg2 Nc6 18. Bxc6 bxc6 19. dxc5 Qxc5 20. Nd4 Qb6 21. Bg5 f6 22. Bf4 Nxd4 23. cxd4 Kf7 24. Qd3 f5 25. Rfc1 Rfc8 26. Rc2 c5 27. dxc5 Rxc5 28. Rxc5 Qxc5 29. Rc1 Qb4 30. Rc7 Kf8 31. Qf3 Qe4 32. Qxe4 fxe4 33. f3 Rb8 34. fxe4 Rxb2+ 35. Kf3 dxe4+ 36. Kxe4 Rb4+ 37. Kf3 Rxa4 38. Rc8+ Kf7 39. Rc7 Ke8 40. Rc8+ Kf7 41. Rc7 Kf8 1/2-1/2

[Event "Oberliga NRW 9697 II"]
[Site "Germany"]
[Date "1997.??.??"]
[Round "8.2"]
[White "Hoogendoorn, Joost"]
[Black "Kreutzkamp, Reinhold"]
[Result "1/2-1/2"]
[WhiteElo "2350"]
[BlackElo "2265"]
[PlyCount "82"]
[EventDate "1996.10.??"]
[EventType "team-tourn"]
[EventRounds "9"]
[EventCountry "GER"]
[SourceTitle "EXT 1998"]
[Source "ChessBase"]
[SourceDate "1997.11.17"]
[SourceVersion "1"]
[SourceVersionDate "1997.11.17"]
[SourceQuality "1"]
[WhiteTeam "Bochum"]
[BlackTeam "Koeln Porz"]
[WhiteTeamCountry "GER"]
[BlackTeamCountry "GER"]

1. e4 c6 2. d4 d5 3. e5 Bf5 4. Nf3 e6 5. Be2 Ne7 6. 0-0 Bg6 7. b3 Nf5 8. Bg5 Be7 9. Bxe7 Nxe7 10. c4 0-0 11. Nc3 Nd7 12. c5 b6 13. b4 bxc5 14. bxc5 Qa5 15. Rc1 Rab8 16. Nd2 f6 17. Bg4 Bf5 18. Bxf5 Nxf5 19. exf6 Rxf6 20. Nf3 Ne7 21. Qd2 Qc7 22. Rfe1 Ng6 23. Re3 e5 24. dxe5 Ndxe5 25. Nxe5 Nxe5 26. Rce1 Ng4 27. Rg3 Nxf2 28. Ree3 Rbf8 29. Ref3 Ne4 30. Nxe4 dxe4 31. Rxf6 Rxf6 32. Qc3 Qf4 33. h3 h6 34. Rg4 Qf2+ 35. Kh2 e3 36. Qe5 e2 37. Qe8+ Kh7 38. Qe7 Rf7 39. Qe4+ Kg8 40. Qe8+ Kh7 41. Qe4+ Kg8 1/2-1/2

[Event "Oberliga NRW 9596 I"]
[Site "Germany"]
[Date "1996.??.??"]
[Round "?.2"]
[White "Bokelbrink, Uwe"]
[Black "Kreutzkamp, Reinhold"]
[Result "0-1"]
[WhiteElo "2275"]
[BlackElo "2255"]
[PlyCount "64"]
[EventDate "1995.10.??"]
[EventType "team-tourn"]
[EventRounds "9"]
[EventCountry "GER"]
[SourceTitle "GER"]
[Source "ChessBase"]
[SourceDate "1999.07.01"]
[SourceVersion "1"]
[SourceVersionDate "1999.07.01"]
[SourceQuality "1"]
[WhiteTeam "Herford"]
[BlackTeam "Koeln Porz III"]
[WhiteTeamCountry "GER"]
[BlackTeamCountry "GER"]

1. e4 c6 2. d4 d5 3. e5 Bf5 4. Nf3 e6 5. Be2 Ne7 6. 0-0 Bg6 7. Nbd2 Nd7 8. Re1 Nf5 9. c4 Be7 10. b3 0-0 11. Nf1 a5 12. Bd3 a4 13. cxd5 cxd5 14. bxa4 Qa5 15. g4 Nxd4 16. Nxd4 Bxd3 17. Nb3 Qa6 18. Ng3 Rac8 19. a5 Bc2 20. Qf3 Qd3 21. Qxd3 Bxd3 22. Bd2 Rc2 23. Re3 Bc4 24. Bc1 Ra8 25. Nd4 Rxa2 26. Rxa2 Bxa2 27. Re2 Bc4 28. Rb2 Nc5 29. Bd2 Ba6 30. Nge2 Nd3 31. Rb3 Nxe5 32. h3 Nc4 0-1

[Event "Oberliga NRW 9596 I"]
[Site "Germany"]
[Date "1996.??.??"]
[Round "?.2"]
[White "Kreutzkamp, Reinhold"]
[Black "Sygulski, Artur"]
[Result "1/2-1/2"]
[WhiteElo "2255"]
[BlackElo "2360"]
[PlyCount "54"]
[EventDate "1995.10.??"]
[EventType "team-tourn"]
[EventRounds "9"]
[EventCountry "GER"]
[SourceTitle "GER"]
[Source "ChessBase"]
[SourceDate "1999.07.01"]
[SourceVersion "1"]
[SourceVersionDate "1999.07.01"]
[SourceQuality "1"]
[WhiteTeam "Koeln Porz III"]
[BlackTeam "Sodingen"]
[WhiteTeamCountry "GER"]
[BlackTeamCountry "GER"]

1. e4 d6 2. d4 Nf6 3. Nc3 c6 4. Nf3 Bg4 5. Be2 e6 6. h3 Bh5 7. 0-0 d5 8. e5 Ne4 9. Nxe4 dxe4 10. Ng5 Bxe2 11. Qxe2 Qxd4 12. Qxe4 Qxe4 13. Nxe4 Nd7 14. Bf4 Nc5 15. Nxc5 Bxc5 16. Rfd1 h6 17. Kf1 Ke7 18. Rd3 Rhd8 19. Rad1 Rd5 20. c4 Rxd3 21. Rxd3 Rd8 22. Rxd8 Kxd8 23. Ke2 Bd4 24. b3 Kc7 25. f3 Kb6 26. Kd3 Bf2 27. Bd2 a6 1/2-1/2